000
00484nam a2200133Ia 4500
008
100328s9999 xx 000 0 und d
082
_b
51907
100
_a
ताम्हनकर रसिका
245
_a
अध्यात्म ज्ञानामृत
260
_b
श्रीार कुटी ट्रस्ट
630
_a
अध्यात्म ज्ञानामृत
730
_a
अध्यात्म ज्ञानामृत
942
_c
BOOK
999
_c
538802
_d
538799